La formación del sociólogo: problemas y perspectivas

Bewaard in:
Bibliografische gegevens
Hoofdauteur: Quezada Toro, Cecilia
Formaat: Texto
Gepubliceerd in: Panamá
Tags: Voeg label toe
Geen labels, Wees de eerste die dit record labelt!

MARC

LEADER 00000 a a2200000 04500
001 21560
003
040
090 |a 095500  
100 |a Quezada Toro, Cecilia  
245 |a La formación del sociólogo: problemas y perspectivas  
260 |a Panamá  
300 |a 12 p.  
999 |c 11710  |d 11710